| 000 | 00490nam a2200169Ia 4500 | ||
|---|---|---|---|
| 003 | SGT | ||
| 020 | _a9788131701485 | ||
| 082 |
_a5.8 _bCAR |
||
| 100 | _aCarter, Earl | ||
| 245 | _aIntrusion prevention fundamentals | ||
| 260 |
_bPearson _aN.Delhi _c2006 |
||
| 300 | _a287p. | ||
| 650 | _aCOMPUTER SCIENCE | ||
| 653 | _aINTRUSION PREVENTION OVERVIEW, HOST INTRUSION PREVENTION, NETWORK INTRUSION PREVENTION, DEPLOYMENT SOLUTIONS, APPENDIX | ||
| 700 | _aHogue, Jonathan | ||
| 942 |
_2ddc _cBK |
||
| 999 |
_c5668 _d5668 |
||